000 00657nac a22001811u 4500
010 _a97023979
020 _a0023805714
082 0 0 _a621.381
_bM5546
090 _c943
_d943
100 _aMerchant, Michael.
245 1 0 _aExploring electronics :
_btechniques and troubleshooting /
_cMichael Merchant.
260 _aUpper Saddle River, N.J. :
_bPrentice Hall,
_cc1998.
300 _axvi, 620 p. :
_bill. (some col.) ;
_c29 cm.
500 _aIncludes index.
650 0 _aElectronics.
942 _cBB
_k621.381M5546
999 _c943
_d943